Družstevné noviny časopis československého spotrebného družstevníctva

Podrobná bibliografia
Nový názov:Jednota (Bratislava)
Predchádzajúci názov:Družstevný obzor
Médium: Noviny
Jazyk:slovenčina
Fyzický popis:42 zv. 31-46 cm
Vydavateľské údaje: Praha Ústredný sväz spotrebných družstiev 1961-2002
Bratislava COOP Jednota Slovensko, spotrebné družstvo
Bratislava Slovenský výbor spotrebných družstiev
Bratislava Slovenský výbor Sväzu spotrebných družstiev
Bratislava Zväz slovenských spotrebných družstiev
V Bratislave Slovenský zväz spotrebných družstiev
ISSN:0323-2379
1336-2860
Predmet:

MARC

LEADER 00000cas a2200000 a 4500
001 vtls008880513
003 SK-MaSNL
005 20260425194224.0
008 201127d19612002xo er|ne 0 0 b0slo
022 |a 0323-2379 
035 |a (SVKBB03)vtls000039029 
040 |a SVKBB  |b slo  |c SVKBB  |d SNK  |e AACR2 
041 0 |a slo 
043 |a e-xo--- 
044 |a xo  |c SK 
072 7 |a 334  |x Formy organizácie a spolupráce v ekonomike  |2 konspekt 
080 |a 050  |2 2011 
080 |a (051)-048.55  |2 2011 
080 |a 334.73  |2 2011 
080 |a 334.735  |2 2011 
080 |a (437.6)  |2 2011 
084 |a Index 49088  |2 mksr 
210 0 |a Družst. nov. 
222 0 |a Družstevné noviny 
245 0 0 |a Družstevné noviny  |b časopis československého spotrebného družstevníctva 
260 |a Praha  |b Ústredný sväz spotrebných družstiev  |c 1961-2002 
260 3 |3 4/2002-26/2002  |a Bratislava  |b COOP Jednota Slovensko, spotrebné družstvo 
260 2 |3 1965-23/1967  |a Bratislava  |b Slovenský výbor spotrebných družstiev 
260 2 |3 24/1967-1968  |a Bratislava  |b Slovenský výbor Sväzu spotrebných družstiev 
260 2 |3 1969-46/1974  |a Bratislava  |b Zväz slovenských spotrebných družstiev 
260 2 |3 47/1974-3/2002  |a V Bratislave  |b Slovenský zväz spotrebných družstiev 
300 |a 42 zv.  |c 31-46 cm 
310 |a 26x ročne  |b 1995-2002 
321 |a 1x týždenne  |b 1961-1994 
362 0 |a Roč. 16 (1961)-roč. 41, č. 26 (2002) 
500 |a Redaktori sa menia 
500 |a V hlavičke novín uvedený aj pôvodný titul a ročník: Hospodársky obzor 
500 |a Registračné č.: 2/4 
500 |a Podnázov: r. 1969-1989, časopis slovenského spotrebného družstevníctva, nositeľa Radu republiky ; r. 1990-1994, týždenník spotrebného družstevníctva na Slovensku ; r. 1995-2002, dvojtýždenník spotrebného družstevníctva na Slovensku 
500 |a Tlač.: r. 1961-1970, Západoslovenské tlačiarne n.p., Bratislava ; r. 1971-49/1975, Tlačiarenské závody Pravda, Bratislava ; 50/1975-26/1990, Pravda, tlačový kombinát KSS, Bratislava ; 27/1990-1992, Danubiaprint, Bratislava ; 1993-2002, Concordia Press, Bratislava 
500 |a Od č. 13/2002 zmena formátu na 31 cm 
500 |a V hlavičke novín uvedený aj pôvodný titul: Hospodársky obzor 
500 |a V hlavičke novín uvedený aj pôvodný titul: Družstevný obzor 
515 |a Od č. 17/1988 nastala zmena ročníkovania z roč. 43 na roč. 28 ; od č. 27/1989 chybne označený roč. 28, má byť roč. 29 ; č. 25-26/1996 chybne označený roč. 34, má byť roč. 35 ; r. 1997 chybne uvedený roč. 35, má byť roč. 36 ; č. 14/2002 je chybne označené ako č. 13 
525 |a Od r. [1964-1970] vychádzala aj maďarská mutácia: Družstevné noviny - Szővetkezeti ujság 
525 |a Príloha v r. [1961-1963,1971-1972]: Družstevné noviny - Magyar melléklettel 
650 0 7 |a družstevníctvo  |2 SNKPH  |9 2134 
650 0 7 |a spotrebné družstvá  |2 SNKPH  |9 2135 
651 7 |a Slovensko  |2 SNKPHgeo  |9 14231 
655 7 |a špecializované časopisy  |2 SNKPH  |9 70509 
752 |a Slovensko  |d Bratislava 
770 0 0 |t Družstevné noviny - Szővetkezeti ujság 
770 0 0 |t Družstevné noviny - Magyar melléklettel  |w vtls011830266 
780 0 0 |t Družstevný obzor  |w vtls010301195 
785 0 0 |t Jednota (Bratislava)  |x 1336-2860  |w vtls001466331 
910 |a snk 
910 |a švkbb 
916 |a 1961-2002 
999 |c 7474  |d 9404 
952 |t č. 1-52  |a SNK  |b SNK  |y PREZ  |7 0  |p 17A0056013  |o snkČSA 462/29/1990  |i snkČSP 1283/91  |8 0  |f 1  |0 0  |1 0  |4 0  |d 1997-03-17  |l 0  |r 2005-01-02 00:00:00  |w 2026-02-21 
952 |t č. 1-52  |a SNK  |b SNK  |y PREZ  |7 0  |p 17A0218437  |o snkČSA 462/33(75)/1994 D1  |0 0  |1 0  |4 0  |d 1999-11-12  |l 0  |r 2005-01-02 00:00:00  |w 2026-02-21 
952 |t č. 1-52  |a SNK  |b SNK  |y PREZ  |7 0  |p 17A0243823  |o snkČSA 462/41/1986  |i snkČSP 587/87  |f 1  |0 0  |1 0  |4 0  |d 2000-06-29  |l 0  |r 2005-01-02 00:00:00  |w 2026-02-21 
952 |t č. 1-52  |a SNK  |b SNK  |y PREZ  |7 0  |p 17A0616724  |o snkČSA 462/32(74)/1993 D1  |i snkČSP 2152/94  |0 0  |1 0  |4 0  |d 2009-04-27  |l 0  |r 2026-02-21 20:08:49  |w 2026-02-21 
952 |t č. 1-52  |a SNK  |b SNK  |y PREZ  |7 0  |p 17A0748869  |o snkČSA 462/42/1987 D1  |i snkČSP 1722/88  |0 0  |1 0  |4 0  |d 2011-12-09  |l 0  |r 2026-02-21 20:17:24  |w 2026-02-21 
952 |t č. 1-52  |a SNK  |b SNK  |y PREZ  |7 0  |p 17A0523599  |o snkČSA 462/29/1989  |i snkČSP 1477/90  |f 1  |0 0  |1 0  |4 0  |d 2006-10-10  |l 0  |r 2026-02-21 20:18:27  |w 2026-02-21 
952 |t č. 1-52  |a SNK  |b SNK  |y PREZ  |7 0  |p 17A0143523  |o snkČSA 462/40/1985  |i snkČSP 933/86  |f 1  |0 0  |1 0  |4 0  |d 1998-06-10  |l 0  |r 2005-01-02 00:00:00  |w 2026-02-21 
952 |t č. 1-52  |a SNK  |b SNK  |y PREZ  |7 0  |p 17A0478736  |o snkČSA 462/23/1968  |i snkČSP 187/69  |f 1  |0 0  |1 0  |4 0  |d 2005-07-14  |l 0  |r 2026-02-21 21:09:19  |w 2026-02-21 
952 |t č. 1-26  |a SNK  |b SNK  |y PREZ  |7 0  |p 17A0557931  |o snkČSA 462/20/1965  |i snkČSP 237/66  |f 1  |0 0  |1 0  |4 0  |d 2007-08-27  |l 0  |r 2026-02-21 21:11:35  |w 2026-02-21 
952 |t č. 1-52   |a SNK  |b SNK  |y PREZ  |7 0  |p 17A1075845  |o snkČSA 462/41/1986 D1  |i snkČSP 588/87  |0 0  |1 0  |4 0  |d 2014-07-31  |l 0  |r 2026-02-21 21:33:19  |w 2026-02-21 
952 |t č. 1-26, neúplné  |a SNK  |b SNK  |y PREZ  |7 0  |p 17A1153516  |o snkČSA 462/16/1961 D1  |i snkČSP 577/62  |z Chýba č. 6  |0 0  |1 0  |4 0  |d 2018-02-27  |l 0  |r 2026-02-21 21:49:27  |w 2026-02-21 
952 |t č. 1-26  |a SNK  |b SNK  |y PREZ  |7 0  |p 17A1153515  |o snkČSA 462/17/1962 D1  |i snkČSP 416/66  |0 0  |1 0  |4 0  |d 2018-02-27  |l 0  |r 2026-02-21 21:49:27  |w 2026-02-21 
952 |t č. 1-26  |a SNK  |b SNK  |y PREZ  |7 0  |p 17A1153514  |o snkČSA 462/18/1963 D1  |i snkČSP 516/66  |0 0  |1 0  |4 0  |d 2018-02-27  |l 0  |r 2026-02-21 21:49:27  |w 2026-02-21 
952 |t č. 1-26  |a SNK  |b SNK  |y PREZ  |7 0  |p 17A0712139  |o snkČSA 462/17/1962  |i snkČSP 813/63  |f 1  |0 0  |1 0  |4 0  |d 2020-08-26  |l 0  |r 2026-02-21 22:08:51  |w 2026-02-21 
952 |t č. 1-26  |a SNK  |b SNK  |y PREZ  |7 0  |p 17A0712136  |o snkČSA 462/18/1963  |i snkČSP 602/64  |f 1  |0 0  |1 0  |4 0  |d 2020-08-26  |l 0  |r 2026-02-21 22:08:51  |w 2026-02-21 
952 |t č. 1-26  |a SNK  |b SNK  |y PREZ  |7 0  |p 17A0712138  |o snkČSA 462/16/1961  |i snkČSP 129/62  |f 1  |0 0  |1 0  |4 0  |d 2020-08-24  |l 0  |r 2026-02-21 22:08:58  |w 2026-02-21 
952 |t č. 1-26  |a SNK  |b SNK  |y PREZ  |7 0  |p 17A0712133  |o snkČSA 462/19/1964  |i snkČSP 572/65  |f 1  |0 0  |1 0  |4 0  |d 2020-08-24  |l 0  |r 2026-02-21 22:08:58  |w 2026-02-21 
952 |t č. 1-52  |a SNK  |b SNK  |y PREZ  |7 0  |p 17A0768772  |o snkČSA 462/29/1974  |i snkČSP 174/75  |f 1  |0 0  |1 0  |4 0  |d 2020-08-25  |l 0  |r 2026-02-21 22:09:00  |w 2026-02-21 
952 |t č. 1-52  |a SNK  |b SNK  |y PREZ  |7 0  |p 17A0768765  |o snkČSA 462/21/1966  |i snkČSP 949/67  |f 1  |0 0  |1 0  |4 0  |d 2018-12-04  |l 0  |r 2026-02-21 22:13:40  |w 2026-02-21 
952 |t č. 1-52  |a SNK  |b SNK  |y PREZ  |7 0  |p 17A0768760  |o snkČSA 462/22/1967  |i snkČSP 223/68  |f 1  |0 0  |1 0  |4 0  |d 2018-12-04  |l 0  |r 2026-02-21 22:13:40  |w 2026-02-21 
952 |t č. 1-52  |a SNK  |b SNK  |y PREZ  |7 0  |p 17A0768767  |o snkČSA 462/24/1969  |i snkČSP 701/70  |f 1  |0 0  |1 0  |4 0  |d 2018-12-04  |l 0  |r 2026-02-21 22:13:41  |w 2026-02-21 
952 |t č. 1-52  |a SNK  |b SNK  |y PREZ  |7 0  |p 17A0768769  |o snkČSA 462/25/1970  |i snkČSP 42/71  |f 1  |0 0  |1 0  |4 0  |d 2018-12-04  |l 0  |r 2026-02-21 22:13:41  |w 2026-02-21 
952 |t č. 1-52  |a SNK  |b SNK  |y PREZ  |7 0  |p 17A0768768  |o snkČSA 462/26/1971  |i snkČSP 785/72  |f 1  |0 0  |1 0  |4 0  |d 2018-12-04  |l 0  |r 2026-02-21 22:13:41  |w 2026-02-21 
952 |t č. 1-52  |a SNK  |b SNK  |y PREZ  |7 0  |p 17A0768773  |o snkČSA 462/27/1972  |i snkČSP 185/73  |f 1  |0 0  |1 0  |4 0  |d 2018-12-04  |l 0  |r 2026-02-21 22:13:41  |w 2026-02-21 
952 |t č. 1-52  |a SNK  |b SNK  |y PREZ  |7 0  |p 17A0768583  |o snkČSA 462/28/1973  |i snkČSP 189/74  |f 1  |0 0  |1 0  |4 0  |d 2018-12-04  |l 0  |r 2026-02-21 22:13:41  |w 2026-02-21 
952 |t č. 1-52  |a SNK  |b SNK  |y PREZ  |7 0  |p 17A0759314  |o snkČSA 462/30/1991  |i snkČSP 2392/92  |f 1  |0 0  |1 0  |4 0  |d 2018-12-12  |l 0  |r 2026-02-21 22:13:43  |w 2026-02-21 
952 |t č. 1-52  |a SNK  |b SNK  |y PREZ  |7 0  |p 17A0759317  |o snkČSA 462/31/1992  |i snkČSP 1972/93  |f 1  |0 0  |1 0  |4 0  |d 2018-12-12  |l 0  |r 2026-02-21 22:13:43  |w 2026-02-21 
952 |t č. 1-52  |a SNK  |b SNK  |y PREZ  |7 0  |p 17A0768705  |o snkČSA 462/32/1993  |i snkČSP 2151/94  |f 1  |0 0  |1 0  |4 0  |d 2018-12-12  |l 0  |r 2026-02-21 22:13:43  |w 2026-02-21 
952 |t č. 1-52  |a SNK  |b SNK  |y PREZ  |7 0  |p 17A0759313  |o snkČSA 462/33/1994  |i snkČSP 1102/95  |f 1  |0 0  |1 0  |4 0  |d 2018-12-12  |l 0  |r 2026-02-21 22:13:43  |w 2026-02-21 
952 |t č. 1-26  |a SNK  |b SNK  |y PREZ  |7 0  |p 17A0759413  |o snkČSA 462/34/1995  |i snkČSP 1636/96  |f 1  |0 0  |1 0  |4 0  |d 2018-12-12  |l 0  |r 2026-02-21 22:13:43  |w 2026-02-21 
952 |t č. 1-26  |a SNK  |b SNK  |y PREZ  |7 0  |p 17A0759318  |o snkČSA 462/35/1996  |i snkČSP 1203/98  |f 1  |0 0  |1 0  |4 0  |d 2018-12-12  |l 0  |r 2026-02-21 22:13:43  |w 2026-02-21 
952 |t č. 1-26  |a SNK  |b SNK  |y PREZ  |7 0  |p 17A0759311  |o snkČSA 462/35[36]/1997  |i snkČSP 1205/98  |f 1  |0 0  |1 0  |4 0  |d 2018-12-12  |l 0  |r 2026-02-21 22:13:43  |w 2026-02-21 
952 |t č. 1-26  |a SNK  |b SNK  |y PREZ  |7 0  |p 17A0759319  |o snkČSA 462/37/1998  |i snkČSP 2633/2001  |f 1  |0 0  |1 0  |4 0  |d 2018-12-12  |l 0  |r 2026-02-21 22:13:43  |w 2026-02-21 
952 |t č. 1-52  |a SNK  |b SNK  |y PREZ  |7 0  |p 17A0768778  |o snkČSA 462/31/1976  |i snkČSP 137/77  |f 1  |0 0  |1 0  |4 0  |d 2018-12-07  |l 0  |r 2026-02-21 22:13:47  |w 2026-02-21 
952 |t č. 1-52  |a SNK  |b SNK  |y PREZ  |7 0  |p 17A0768776  |o snkČSA 462/32/1977  |i snkČSP 461/77  |f 1  |0 0  |1 0  |4 0  |d 2018-12-07  |l 0  |r 2026-02-21 22:13:47  |w 2026-02-21 
952 |t č. 1-52  |a SNK  |b SNK  |y PREZ  |7 0  |p 17A0759248  |o snkČSA 462/33/1978  |i snkČSP 163/78  |f 1  |0 0  |1 0  |4 0  |d 2018-12-07  |l 0  |r 2026-02-21 22:13:47  |w 2026-02-21 
952 |t č. 1-52  |a SNK  |b SNK  |y PREZ  |7 0  |p 17A0768785  |o snkČSA 462/34/1979  |i snkČSP 457/80  |f 1  |0 0  |1 0  |4 0  |d 2018-12-07  |l 0  |r 2026-02-21 22:13:47  |w 2026-02-21 
952 |t č. 1-52  |a SNK  |b SNK  |y PREZ  |7 0  |p 17A0768791  |o snkČSA 462/35/1980  |i snkČSP 246/81  |f 1  |0 0  |1 0  |4 0  |d 2018-12-07  |l 0  |r 2026-02-21 22:13:47  |w 2026-02-21 
952 |t č. 1-52  |a SNK  |b SNK  |y PREZ  |7 0  |p 17A0759414  |o snkČSA 462/35[36]/1981  |i snkČSP 429/82  |f 1  |0 0  |1 0  |4 0  |d 2018-12-07  |l 0  |r 2026-02-21 22:13:47  |w 2026-02-21 
952 |t č. 1-52  |a SNK  |b SNK  |y PREZ  |7 0  |p 17A0759415  |o snkČSA 462/37/1982  |i snkČSP 361/82  |f 1  |0 0  |1 0  |4 0  |d 2018-12-07  |l 0  |r 2026-02-21 22:13:47  |w 2026-02-21 
952 |t č. 1-52  |a SNK  |b SNK  |y PREZ  |7 0  |p 17A0759417  |o snkČSA 462/38/1983  |i snkČSP 401/84  |f 1  |0 0  |1 0  |4 0  |d 2018-12-07  |l 0  |r 2026-02-21 22:13:47  |w 2026-02-21 
952 |t č. 1-52  |a SNK  |b SNK  |y PREZ  |7 0  |p 17A0759419  |o snkČSA 462/39/1984  |i snkČSP 361/85  |f 1  |0 0  |1 0  |4 0  |d 2018-12-07  |l 0  |r 2026-02-21 22:13:47  |w 2026-02-21 
952 |t č. 1-52  |a SNK  |b SNK  |y PREZ  |7 0  |p 17A0759423  |o snkČSA 462/42/1987  |i snkČSP 1721/88  |f 1  |0 0  |1 0  |4 0  |d 2018-12-07  |l 0  |r 2026-02-21 22:13:47  |w 2026-02-21 
952 |t č. 1-52  |a SNK  |b SNK  |y PREZ  |7 0  |p 17A0759425  |o snkČSA 462/43(28)/1988  |i snkČSP 491/89  |z Od č. 17/1988 je zmenený ročník 43 na roč. 28  |f 1  |0 0  |1 0  |4 0  |d 2018-12-07  |l 0  |r 2026-02-21 22:13:47  |w 2026-02-21 
952 |t č. 1-26  |a SNK  |b SNK  |y PREZ  |7 0  |p 17A0759320  |o snkČSA 462/38/1999  |i snkČSP 2631/2001  |f 1  |0 0  |1 0  |4 0  |d 2018-12-12  |l 0  |r 2026-02-21 22:13:50  |w 2026-02-21 
952 |t č. 1-26  |a SNK  |b SNK  |y PREZ  |7 0  |p 17A1341664  |o snkČSA 462/39/2000  |i snk2018/26833  |8 0  |f 1  |0 0  |1 0  |4 0  |d 2018-12-12  |l 0  |r 2026-02-21 22:13:50  |w 2026-02-21 
952 |t č. 1-26  |a SNK  |b SNK  |y PREZ  |7 0  |p 17A1341665  |o snkČSA 462/40/2001  |i snk2018/26841  |8 0  |f 1  |0 0  |1 0  |4 0  |d 2018-12-12  |l 0  |r 2026-02-21 22:13:50  |w 2026-02-21 
952 |t č. 1-26  |a SNK  |b SNK  |y PREZ  |7 0  |p 17A1341666  |o snkČSA 462/41/2002  |i snk2018/26842  |8 0  |f 1  |0 0  |1 0  |4 0  |d 2018-12-12  |l 0  |r 2026-02-21 22:13:50  |w 2026-02-21 
952 |t č. 1-26, neúplné  |a SNK  |b SNK  |y PREZ  |7 0  |p 17A1341667  |o snkČSA 462/39(81)/2000 D1  |i snk2018/26847  |8 0  |z Chýba č. 14  |0 0  |1 0  |4 0  |d 2018-12-12  |l 0  |r 2026-02-21 22:13:50  |w 2026-02-21 
952 |t č. 1-26, neúplné  |a SNK  |b SNK  |y PREZ  |7 0  |p 17A1341668  |o snkČSA 462/40(82)/2001 D1  |i snk2018/26849  |8 0  |z Chýba č. 5, 6  |0 0  |1 0  |4 0  |d 2018-12-12  |l 0  |r 2026-02-21 22:13:50  |w 2026-02-21 
952 |t č. 1-26, neúplné  |a SNK  |b SNK  |y PREZ  |7 0  |p 17A1341669  |o snkČSA 462/41(83)/2002 D1  |i snk2018/26850  |8 0  |z Chýba č. 20, 21  |0 0  |1 0  |4 0  |d 2018-12-12  |l 0  |r 2026-02-21 22:13:50  |w 2026-02-21 
952 |t č. 1-52  |a SNK  |b SNK  |y PREZ  |7 0  |p 17A0768774  |o snkČSA 462/30/1975  |i snkČSP 319/76  |f 1  |0 0  |1 0  |4 0  |d 2018-12-17  |l 0  |r 2026-02-21 22:13:58  |w 2026-02-21 
952 |t č. 1-52  |a SNK  |b SNK  |y PREZ  |7 0  |p 17A1431977  |o snkČSA 462/28/1973 D1  |i snkČSP 190/74  |0 0  |1 0  |4 0  |d 2020-09-07  |l 0  |r 2026-02-21 22:15:50  |w 2026-02-21